Brand Name Etymology II Quiz Stats

 Plays Quiz Updated Jul 23, 2013

Challenge
Share
Tweet
Embed
Score 0/30 Timer 10:00
1 Play Today
% Correct
Groupon
95.1%
Apple
94.5%
BMW
93.7%
Alfa Romeo
92.9%
SMEG
91.4%
Vodafone
90.6%
Sporcle
89.2%
3M
88.5%
Accenture
88%
Danone
87.6%
Amoco
87.6%
DHL
86.1%
Alcoa
85.8%
Qantas
85.8%
A&M Records
85.6%
% Correct
Smart
84%
Blaupunkt
83.9%
Embraer
79.6%
Samsonite
76.1%
Garmin
75.4%
Xerox
69%
Acer
57%
Reebok
54.9%
Arby's
54.4%
Daewoo
53.5%
Nokia
52%
Q8
47.7%
Sanyo
45%
Samsung
36.8%
LOT
30%

You're not logged in!

Compare scores with friends on all Sporcle quizzes.
Join for Free
OR
Log In

You Might Also Like...

Show Comments

Extras

Top Quizzes Today


Score Distribution

Your Account Isn't Verified!

In order to create a playlist on Sporcle, you need to verify the email address you used during registration. Go to your Sporcle Settings to finish the process.

Report this User

Report this user for behavior that violates our Community Guidelines.

Details: